Vývoj trhu práce v SR a nezamestnanosť Príloha Hospodárskych novín
Úroveň nezamestnanosti v Slovenskej republike v r. 1995, 1996. Výrazne diferencovaná regionálna nezamestnanosť. Štruktúrne rozvrstvenie nezamestnaných. Vytváranie nových pracovných miest. Vývoj mesačnej mzdy vo vybraných odvetviach. Vývoj vyplatených príspevkov v nezamestnanosti. Monitor ukazovateľo...
Salvato in:
| Natura: | Capitolo di libro |
|---|---|
| Lingua: | slovacco |
| Soggetti: | |
| Tags: |
Nessun Tag, puoi essere il primo ad aggiungerne!!
|
MARC
| LEADER | 00000naa a2200000 4500 | ||
|---|---|---|---|
| 001 | r021032 | ||
| 005 | 20230801104718.1 | ||
| 041 | 0 | |a slo | |
| 044 | |a SK | ||
| 245 | 1 | 0 | |a Vývoj trhu práce v SR a nezamestnanosť |b Príloha Hospodárskych novín |
| 520 | |a Úroveň nezamestnanosti v Slovenskej republike v r. 1995, 1996. Výrazne diferencovaná regionálna nezamestnanosť. Štruktúrne rozvrstvenie nezamestnaných. Vytváranie nových pracovných miest. Vývoj mesačnej mzdy vo vybraných odvetviach. Vývoj vyplatených príspevkov v nezamestnanosti. Monitor ukazovateľov hospodárskeho vývoja SR. | ||
| 610 | 2 | 0 | |a Slovensko |
| 610 | 2 | 0 | |a 1995 |
| 610 | 2 | 0 | |a 1996 |
| 610 | 2 | 0 | |a trh práce |
| 610 | 2 | 0 | |a nezamestnanosť |
| 610 | 2 | 0 | |a mzdy |